| 000 | 00406nam a2200181Ia 4500 | ||
|---|---|---|---|
| 001 | 4596 | ||
| 005 | 20260306145807.0 | ||
| 008 | 260306t1978||||xx |||||||||||||| ||spa|| | ||
| 041 | _aESP | ||
| 082 |
_a327.1246 _bG67 |
||
| 100 |
_aGonzález-Mata, Luis M. _eAUT |
||
| 245 | 0 | _aCisne | |
| 260 | _c1978 | ||
| 300 |
_a397 páginas : _c17 cm. |
||
| 650 | _aGEN | ||
| 654 | _aCHU | ||
| 942 |
_cLIB _dJUS _fJUS _2ddc _n |
||
| 999 |
_c4596 _d4596 |
||